Statistics for A to Z: Brands #2

Click here to take the quiz!

General Stats

  • This quiz has been taken 1,642 times
    (1,605 since last reset)
  • The average score is 18 of 26

Answer Stats

ProductBrand Name% Correct
FSocial mediaFacebook
96%
BGirls' dollsBarbie
95%
KFried chickenKFC
94%
DPizza deliveryDomino's
92%
CCrayonsCrayola
85%
GSports drinksGatorade
85%
IAssemblable furnitureIKEA
85%
URidesharing (taxis)Uber
82%
QOatsQuaker
78%
YMotorcyclesYamaha
77%
VFashion magazinesVogue
76%
LMouth washListerine
75%
ZSandwich bagsZiploc
69%
MCigarettesMarlboro
68%
NDigital camerasNikon
66%
JHot tubsJacuzzi
65%
EMineral waterEvian
63%
OToothbrushesOral-B
63%
XPhotocopiersXerox
63%
HVacuum cleanersHoover
61%
PShampooPantene
52%
ABreath mintsAltoids
40%
RInsecticideRaid
39%
WPush-up brasWonderbra
39%
SConcert pianosSteinway
25%
TVacuum flasksThermos
22%

Score Distribution

Percentile by Number Answered

Percent of People with Each Score

Your Score History

You have not taken this quiz since the last reset